000 00412nam a2200145 i 4500
001 bg
100 1 _aUHLIG, Herbert H.
245 0 _aCorrosion and corrosion control :
_ban introduction to corrosion science and engineering /
_cHerbert H. Uhlig.
250 _a2nd ed.
260 _aNew York :
_bJohn Wiley,
_c1971.
040 _cBPK
041 _apol
942 _cKS
008 s pl f |000 0 pol
999 _c14491
_d14491
856 _uhttp://koha.tu.koszalin.pl/cgi-bin/koha/opac-detail.pl?biblionumber=14491
_yKatalog online BPK